Music Quiz

Random Music or Song Quiz

Sum 41 Songs Quiz Stats

 Plays Quiz not verified by Sporcle

Score 0/94 Timer 11:00
0 Plays Today
Album % Correct
All Killer No FillerFat Lip
93.2%
All Killer No FillerIn Too Deep
93.2%
All the Good Sh**: the Best of Sum 41Fat Lip
93.2%
All the Good Sh**: the Best of Sum 41In Too Deep
93.2%
Does This Look Infected?The Hell Song
86.1%
All the Good Sh**: the Best of Sum 41The Hell Song
86.1%
Underclass HeroUnderclass Hero
82.8%
All the Good Sh**: the Best of Sum 41Underclass Hero
82.8%
Does This Look Infected?Still Waiting
81.2%
All the Good Sh**: the Best of Sum 41Still Waiting
81.2%
ChuckPieces
79.3%
All the Good Sh**: the Best of Sum 41Pieces
79.3%
All Killer No FillerMotivation
77.5%
All the Good Sh**: the Best of Sum 41Motivation
77.5%
Screaming Bloody MurderScreaming Bloody Murder
76.4%
Does This Look Infected?Over My Head (Better Off Dead)
73.1%
All the Good Sh**: the Best of Sum 41Over My Head (Better Off Dead)
73.1%
Underclass HeroWalking Disaster
71.8%
All the Good Sh**: the Best of Sum 41Walking Disaster
71.8%
Underclass HeroWith Me
68.4%
All the Good Sh**: the Best of Sum 41With Me
68.4%
ChuckIntro
67%
Half Hour of PowerSummer
66.1%
All Killer No FillerSummer
66.1%
ChuckWe're All to Blame
65.8%
All the Good Sh**: the Best of Sum 41We're All to Blame
65.8%
ChuckNo Reason
65.4%
Chuck88
61.9%
ChuckSome Say
61%
Half Hour of PowerMakes No Difference
60.2%
All the Good Sh**: the Best of Sum 41Makes No Difference
60.2%
All Killer No FillerPain for Pleasure
59.3%
Album % Correct
All the Good Sh**: the Best of Sum 41Pain for Pleasure
59.3%
All Killer No FillerHandle This
58.5%
All the Good Sh**: the Best of Sum 41Handle This
58.5%
Spider-Man SoundtrackWhat We're All About
54.6%
Does This Look Infected?Thanks for Nothing
53.4%
Does This Look Infected?A.N.I.C.
53.3%
Underclass HeroDear Father
53.2%
All Killer No FillerHeart Attack
52.1%
All Killer No FillerRhythms
52%
Does This Look Infected?No Brains
51.9%
All Killer No FillerNothing on My Back
51.8%
Does This Look Infected?Mr. Amsterdam
51.8%
All Killer No FillerIntroduction to Destruction
51.7%
All Killer No FillerCrazy Amanda Bunkface
51.2%
Does This Look Infected?Hooch
50.5%
Does This Look Infected?My Direction
49.9%
Underclass HeroThe Jester
49.1%
Screaming Bloody MurderJessica Kill
48.1%
Underclass HeroMarch of the Dogs
47.9%
Does This Look Infected?Billy Spleen
45.8%
Screaming Bloody MurderBlood in My Eyes
45.3%
Screaming Bloody MurderReason to Believe
44.8%
Does This Look Infected?All Messed Up
44%
Half Hour of PowerGrab the Devil by the Horns and F**k Him Up the Ass
43.9%
All Killer No FillerNever Wake Up
43.8%
ChuckAngels with Dirty Faces
42.9%
All Killer No FillerAll She's Got
42.8%
Underclass HeroMa Poubelle
42.7%
Screaming Bloody MurderScumfuk
42.6%
Screaming Bloody MurderCrash
42.6%
ChuckThere's No Solution
40.9%
Underclass HeroBest of Me
40.9%
Album % Correct
Underclass HeroSpeak of the Devil
40.5%
ChuckOpen Your Eyes
39.8%
ChuckThe Bitter End
39.2%
Screaming Bloody MurderBaby, You Don't Wanna Know
38.4%
ChuckWelcome to Hell
38.2%
Half Hour of PowerMachine Gun
37.7%
Underclass HeroSo Long Goodbye
37.2%
Underclass HeroPull the Curtain
36.7%
Screaming Bloody MurderExit Song
36.2%
ChuckSlipping Away
35.7%
Underclass HeroKing of Contradiction
33.9%
Screaming Bloody MurderHappiness Machine
33.6%
Half Hour of PowerDave's Possessed Hair
32.9%
Underclass HeroCount Your Last Blessings
32.8%
Half Hour of PowerT.H.T. (Tables Have Turned)
32.6%
Does This Look Infected?Hyper-Insomnia-Para-Condrioid
32.4%
ChuckI'm Not the One
32.4%
Underclass HeroConfusion and Frustration in Modern Times
31.8%
Screaming Bloody MurderWhat Am I to Say
30.9%
Screaming Bloody MurderSick of Everyone
30.9%
Half Hour of Power32 Ways to Die
30.6%
Screaming Bloody MurderTime for You to Go
30.1%
Half Hour of PowerWhat I Believe
28.1%
Screaming Bloody MurderHoly Image of Lies
26.8%
Screaming Bloody MurderBack Where I Belong
26.6%
All the Good Sh**: the Best of Sum 41Always
26.3%
Half Hour of PowerAnother Time Around
24.5%
Half Hour of PowerRide the Chariot to the Devil
24.4%
Half Hour of PowerSecond Chance for Max Headroom
23.3%
Underclass HeroLook at Me
21.5%

You're not logged in!

Compare scores with friends on all Sporcle quizzes.
OR
Log In

Show Comments

Extras

Created Feb 15, 2012ReportNominate
Tags:Album Quiz, Song Quiz, sum, Sum 41

Top Quizzes Today


Score Distribution

Your Account Isn't Verified!

In order to create a playlist on Sporcle, you need to verify the email address you used during registration. Go to your Sporcle Settings to finish the process.

Report this User

Report this user for behavior that violates our Community Guidelines.

Details: